| 000 | 00596nam a2200145 a 4500 | ||
|---|---|---|---|
| 008 | 120416s1964 ||||||||||||||||| || u | ||
| 050 | _aHF 5549.5.T7 Kin | ||
| 100 | _aKing, S. David M | ||
| 245 | 1 | 0 | _aTraining within the organization |
| 246 | _aa study of company policy and procedure for the systematic training operators and supervisors | ||
| 260 |
_aLondon _bTavistock _c1964 |
||
| 300 | _axxii, 274p. : ill. | ||
| 350 | _a0.00 | ||
| 995 |
_D0.00 _FCBU-MAIN LIBRARY (Kitwe) _H1 _I0.00 _M1 _UAVAILABLE _ZMain Library Open Access Collection |
||
| 999 |
_c60275 _d60275 |
||